| 000 | 00960cam a22002054a 4500 | ||
|---|---|---|---|
| 005 | 20250605164124.0 | ||
| 008 | 250528s ||||||||||||||||||||||||d | ||
| 035 | _a18401 | ||
| 020 | _a415209579 | ||
| 040 |
_aGR-AtMCL _bgre _dGR-AtMCL _eAACR2 |
||
| 245 | 1 | _aSource Book of Gestalt Psychology | |
| 260 |
_bRouledge, _c1938 |
||
| 300 | _a408 | ||
| 505 | 0 | _aPreface, Introduction, General Problems, Special Problems, Perception and Organization, Perception and Movement, Perception and Related Phenomena, Animal Experiments, Thought, Physical Forces, Studies in Pathological Phenomena, Replies, Index. | |
| 520 | _aPreface, Introduction, General Problems, Special Problems, Perception and Organization, Perception and Movement, Perception and Related Phenomena, Animal Experiments, Thought, Physical Forces, Studies in Pathological Phenomena, Replies, Index. | ||
| 700 | 1 |
_aDellis Willis _92185 |
|
| 942 | _cBK | ||
| 999 |
_c3762 _d3762 |
||